000 00803cab a2200253 4500
001 ABS38261
008 090401t1987 xxu||||| |||| 00| 0 eng d
035 _a(Sirsi) u9615
041 _aeng
100 _aSpring, M.
245 _aGreen belt and braces
260 _c1987
350 _a0
490 _aBuilding
_v252(40) 2 October 1987, 40-45(6)
520 _aBuilding appraisal on BP Oil`s new headquarters at Hemel Hempstead in Hertfordshire . Describes in detail the special waterproofing system which was designed and the natural stonework facings.
650 _aCOTSWOLD STONE
650 _aFAST TRACK CONSTRUCTION
650 _aMANAGEMENT CONTRACTING
650 _aMASONRY
650 _aOFFICES
690 _aBUILDING AND CONSTRUCTION-PROJECTS
942 _n0
948 _c04/03/1997
999 _c6029
_d6029